|
|
|
|
| LEADER |
00000nta a2200000 i 4500 |
| 001 |
dolg3642 |
| 005 |
20160205111205.0 |
| 008 |
150824suuuu hu om 000 hun d |
| 040 |
|
|
|a BGE Dolgozattár Repozitórium
|b hun
|
| 041 |
|
|
|a hu
|
| 100 |
1 |
|
|a Caglar Magdolna Erika
|
| 245 |
1 |
2 |
|a A Török Riviéra turizmusának fejlődése a kezdetektől napjainkig (1950-2014) és további fejlődési lehetőségei
|c Caglar Magdolna Erika
|h [elektronikus dokumentum]
|
| 695 |
|
|
|a Török riviéra
|
| 695 |
|
|
|a Turizmusfejlesztés
|
| 700 |
1 |
|
|a Bártfai Endre
|e ths
|
| 856 |
4 |
0 |
|u http://dolgozattar.uni-bge.hu/3642/1/diplomadolgozat%20Caglar%20Magdolna%20%202015.pdf
|z Dokumentum-elérés
|